Ten Best Opportunities (Record no. 4082)

MARC details
000 -LEADER
fixed length control field 00323nam a22001337a 4500
008 - FIXED-LENGTH DATA ELEMENTS--GENERAL INFORMATION
fixed length control field 250703b |||||||| |||| 00| 0 eng d
020 ## - INTERNATIONAL STANDARD BOOK NUMBER
ISBN 0911781102
100 ## - MAIN ENTRY--AUTHOR
Author GLENN, Reed
245 ## - TITLE STATEMENT
Title Ten Best Opportunities
260 ## - PUBLICATION, DISTRIBUTION, ETC. (IMPRINT)
Place of publication Colorado
Name of publisher Live Oak Publication
Date of publication 1993
300 ## - COLLATION
Pagination 213p.
942 ## - ADDED ENTRY ELEMENTS (KOHA)
Item type Books
050 ## - LIBRARY OF CONGRESS CALL NUMBER
Classification number HD65.5
Item number .G49
Holdings
Source of classification or shelving scheme Not for loan Permanent location Current location Date acquired Accession No. Full call number Barcode. Koha item type
Library of Congress Classification   Samuel Ogbemudia Main Library, University of Abuja Samuel Ogbemudia Main Library, University of Abuja 07/03/2025 2006-29740 HD65.5.G49 2025-2811 Books